000 00858nam a2200253Ia 4500
003 OSt
005 20220927103617.0
006 a|||||r|||| 00| 0
007 ta
008 220926b |||||||| |||| 00| 0 eng d
024 _a70692
037 _cReference Collections
040 _aRTL
_cRTL
_beng
041 _2eng
_aeng
082 _a"X755:(Z,3), H9.62-2/UN"
110 _aInternational Bank for Reconstruciton and Development
_9360480
245 0 _aCompanies guarantee agreement 1949
_b Palm oil processing project.
260 _aNew
_bYork International Bank for Reconstruction and Development U
_c1969
300 _a7p.
_ccm.
650 _aForeign Loan
_9360481
700 _aInternational Bank for Reconstruciton and Development
_9360482
942 _h"X755:(Z,3), H9.62-2/UN"
_cCC
999 _c684286
_d684286